Harry Potter: le Manoir des Malefoy - Statistiques

Statistiques générales
  • Ce quiz a été pris 108 fois
  • Le résultat moyen est 9 sur 12
Statistiques - réponses
Information Réponses % Correct
Résident Drago Malefoy
97%
Dernière apparition Harry Potter et les Reliques de la Mort
97%
Résident Lucius Malefoy
97%
Résidente Narcissa Malefoy
95%
Pays Royaume-Uni
92%
Nation Angleterre
88%
Employé Dobby
87%
Première apparition Harry Potter et la Chambre des Secrets
83%
Horcruxe abrité Journal de Tom Jedusor
71%
Résident Scorpius Malefoy
51%
Résidente Astoria Malefoy
41%
Région Wiltshire
13%
Aucun quiz correspondant
Distribution des résultats
% des personnes avec chaque résultat
Percentile par nombre de réponses
Votre historique - résultats
Vous n’avez pas pris ce quiz